000 00331 a2200169 4500
001 182200
020 _a85-01-00530-4
040 _cMagnum
100 _aAmado, Jorge
240 1 0 _aMar morto
_lpor
245 1 0 _aMar morto
300 _a272
362 0 _a1996
440 1 _aRecord
697 _aLITERATURA GERAL
942 _cBK
999 _c182200
_d182200